Conflict and Insurgency in the Contemporary Middle East / (Record no. 13457)
[ view plain ]
| 000 -LEADER | |
|---|---|
| fixed length control field | 02645cam a2200397 a 4500 |
| 001 - CONTROL NUMBER | |
| control field | 15414195 |
| 005 - DATE AND TIME OF LATEST TRANSACTION | |
| control field | 20091019154222.0 |
| 008 - FIXED-LENGTH DATA ELEMENTS--GENERAL INFORMATION | |
| fixed length control field | 080815s2009 enka |rb 001 0 eng |
| 010 ## - LIBRARY OF CONGRESS CONTROL NUMBER | |
| LC control number | 2008036274 |
| 020 ## - INTERNATIONAL STANDARD BOOK NUMBER | |
| International Standard Book Number | 9780415457583 (cloth : alk. paper) |
| 020 ## - INTERNATIONAL STANDARD BOOK NUMBER | |
| International Standard Book Number | 0415457580 (cloth : alk. paper) |
| 020 ## - INTERNATIONAL STANDARD BOOK NUMBER | |
| International Standard Book Number | 9780203881873 (ebook) |
| 020 ## - INTERNATIONAL STANDARD BOOK NUMBER | |
| International Standard Book Number | 0203881877 (ebook) |
| 035 ## - SYSTEM CONTROL NUMBER | |
| System control number | (OCoLC)ocn244177273 |
| 040 ## - CATALOGING SOURCE | |
| Original cataloging agency | DLC |
| Transcribing agency | DLC |
| Modifying agency | BAKER |
| -- | BWK |
| -- | YDXCP |
| -- | YDX |
| -- | C#P |
| -- | XVF |
| -- | DLC |
| 043 ## - GEOGRAPHIC AREA CODE | |
| Geographic area code | aw----- |
| 050 00 - LIBRARY OF CONGRESS CALL NUMBER | |
| Classification number | DS63.1 |
| Item number | .C623 2009 |
| 082 00 - DEWEY DECIMAL CLASSIFICATION NUMBER | |
| Classification number | 355.020956 |
| Edition number | 22 |
| Item number | CON |
| 245 00 - TITLE STATEMENT | |
| Title | Conflict and Insurgency in the Contemporary Middle East / |
| Statement of responsibility, etc | edited by Barry Rubin. |
| 260 ## - PUBLICATION, DISTRIBUTION, ETC. (IMPRINT) | |
| Place of publication, distribution, etc | London ; |
| -- | New York : |
| Name of publisher, distributor, etc | Routledge, |
| Date of publication, distribution, etc | 2009. |
| 300 ## - PHYSICAL DESCRIPTION | |
| Extent | xi, 289 p. : |
| Other physical details | ill., maps ; |
| Dimensions | 24 cm. |
| 490 1# - Series Statement | |
| Series statement | Middle Eastern military studies |
| 504 ## - BIBLIOGRAPHY, ETC. NOTE | |
| Bibliography, etc | Includes bibliographical references and index. |
| 505 0# - FORMATTED CONTENTS NOTE | |
| Formatted contents note | What do Middle Eastern armies do? / Barry Rubin -- The Arab as insurgent and counterinsurgent / Norvell B. DeAtkine -- The Iran-Iraq War : will without means / Joana Dodds and Benjamin Wilson -- The lessons of the jihadist insurgency in Saudi Arabia / Hassan Mneimneh -- Egypt's civil war / Barry Rubin -- Terrorism as a military factor : the Israeli-Palestinian peace process era, 1993-2000 / Boaz Ganor -- Lebanon 2006 : unfinished war / Jonathan Spyer -- Lebanon's militia wars / Tony Badran -- The Soviet-Afghan War : a superpower mired in the mountains / Lester W. Grau -- The Morocco-Polisario War for western Sahara, 1975-1991 / Jacob Mundy -- Islamism and insurgency in post-independence Algeria / Yahia H. Zoubir -- The Iraq insurgency / William S. McCallister -- Innovation and war : the U.S. military and the Iraq insurgency / James A. Russell. |
| 650 #0 - SUBJECT ADDED ENTRY--TOPICAL TERM | |
| Topical term or geographic name as entry element | Insurgency |
| Geographic subdivision | Middle East |
| General subdivision | History |
| Chronological subdivision | 20th century. |
| 9 (RLIN) | 11670 |
| 650 #0 - SUBJECT ADDED ENTRY--TOPICAL TERM | |
| Topical term or geographic name as entry element | Insurgency |
| Geographic subdivision | Middle East |
| General subdivision | History |
| Chronological subdivision | 21st century. |
| 9 (RLIN) | 11671 |
| 651 #0 - SUBJECT ADDED ENTRY--GEOGRAPHIC NAME | |
| Geographic name | Middle East |
| General subdivision | History |
| Chronological subdivision | 1979- |
| 9 (RLIN) | 11672 |
| 651 #0 - SUBJECT ADDED ENTRY--GEOGRAPHIC NAME | |
| Geographic name | Middle East |
| General subdivision | History, Military |
| Chronological subdivision | 20th century. |
| 9 (RLIN) | 11673 |
| 651 #0 - SUBJECT ADDED ENTRY--GEOGRAPHIC NAME | |
| Geographic name | Middle East |
| General subdivision | History, Military |
| Chronological subdivision | 21st century. |
| 9 (RLIN) | 11674 |
| 700 1# - ADDED ENTRY--PERSONAL NAME | |
| Personal name | Rubin, Barry M. |
| 9 (RLIN) | 11675 |
| 830 #0 - SERIES ADDED ENTRY--UNIFORM TITLE | |
| Uniform title | Middle eastern military studies. |
| 9 (RLIN) | 11676 |
| 856 41 - ELECTRONIC LOCATION AND ACCESS | |
| Materials specified | Table of contents only |
| Uniform Resource Identifier | <a href="http://www.loc.gov/catdir/toc/ecip0826/2008036274.html">http://www.loc.gov/catdir/toc/ecip0826/2008036274.html</a> |
| 942 ## - ADDED ENTRY ELEMENTS (KOHA) | |
| Source of classification or shelving scheme | Dewey Decimal Classification |
| Item type | Book - Borrowing |
| Withdrawn status | Item status | Source of classification or shelving scheme | Damaged status | Not for loan | Vendor | Home library | Current library | Shelving location | Date acquired | Source of acquisition | Cost, normal purchase price | Serial Enumeration / chronology | Total Checkouts | Total Renewals | Full call number | Barcode | Date last seen | Date last borrowed | Koha item type |
|---|---|---|---|---|---|---|---|---|---|---|---|---|---|---|---|---|---|---|---|
| Dewey Decimal Classification | MERIC | Central Library | Central Library | First floor | 24/02/2010 | 656.80 | 10029 | 10 | 14 | 355.020956CON | 000019525 | 15/07/2025 | 12/11/2015 | Book - Borrowing |